000 00214 a2200097 4500
001 23141
100 _aMulla, D F
245 _aPrinciples of Mohammedan Law
260 _a
_bUnion Bk Stall
_c
090 _c15681
_d15681
942 _aNUST-CAE
_cM
_c6315
999 _c258214
_d258214